Uwarunkowania aspiracji życiowych młodzieży w starszym wieku szkolnym /

Saved in:
Bibliographic Details
Main Author: Kupczyk, Jan.
Format: Book
Language:Polish
Published: Poznań : Wydawn. Nauk. Uniwersytetu im. Adama Mickiewicza, 1978.
Edition:Wyd. 1.
Series:Seria Psychologia i pedagogika ; nr. 45.
Subjects:
Tags: Add Tag
No Tags, Be the first to tag this record!
LEADER 00923nam a2200289 a 4500
001 005648357-0
005 20020606163548.3
008 880225s1978 pl a b 000 0 pol
010 |a  81209226  
035 0 |a ocm17675301 
040 |a DLC  |c DLC  |d HLS 
041 0 |a pol  |b rus 
043 |a e-pl--- 
050 0 |a LA843.7  |b .K85 1978 
100 1 |a Kupczyk, Jan. 
245 1 0 |a Uwarunkowania aspiracji życiowych młodzieży w starszym wieku szkolnym /  |c Jan Kupczyk. 
250 |a Wyd. 1. 
260 |a Poznań :  |b Wydawn. Nauk. Uniwersytetu im. Adama Mickiewicza,  |c 1978. 
300 |a 190 p. :  |b ill. ;  |c 25 cm. 
490 1 |a Seria Psychologia-pedagogika ;  |v nr. 45 
500 |a Summary in Russian. 
504 |a Bibliography: p. [170]-181. 
650 0 |a Student aspirations  |z Poland. 
650 0 |a College students  |z Poland  |x Attitudes. 
830 0 |a Seria Psychologia i pedagogika ;  |v nr. 45. 
988 |a 20020608 
906 |0 DLC